00381nam a22001457a 450000500170000000800410001702000180005804100080007608200090008410000220009324500530011526000480016830000080021665000110022420160615124618.0160615b xxu||||| |||| 00| 0 eng d a81-259-1846-9 aeng b7758 aSengupta, Sailesh aManagement of public relations and Communication aNew DelhibVikas Publishing House (P) Ltd.  a440 a245.00